Pokemon Type Weaknesses Test - Statistics

General Stats
  • This quiz has been taken 36 times
  • The average score is 13 of 45
Answer Stats
Defending Type Attack Type Effectiveness % Correct
Water Bug effective
100%
Water Dragon effective
100%
Water Normal effective
100%
Bug Bug effective
100%
Bug Poison effective
100%
Bug Ghost effective
100%
Fighting Water effective
100%
Fighting Electric effective
100%
Fighting Ice effective
100%
Poison Flying effective
100%
Dark Ice effective
100%
Fairy Rock effective
100%
Dragon Flying effective
100%
Steel Dark effective
100%
Electric Grass effective
100%
Electric Poison effective
100%
Electric Ghost effective
100%
Normal Steel effective
100%
Normal Normal effective
100%
Ground Bug effective
100%
Ice Flying effective
100%
Ice Poison effective
100%
Fire Ice not very effective
100%
Bug Grass not very effective
100%
Flying Grass not very effective
100%
Flying Fighting not very effective
100%
Dark Ghost not very effective
100%
Dragon Grass not very effective
100%
Steel Rock not very effective
100%
Ground Poison not very effective
100%
Water Grass super effective
100%
Bug Rock super effective
100%
Flying Electric super effective
100%
Fighting Flying super effective
100%
Electric Ground super effective
100%
Rock Fighting super effective
75%
Water Poison effective
67%
Poison Fairy not very effective
67%
Psychic Psychic not very effective
67%
Ghost Poison not very effective
67%
Psychic Dark super effective
67%
Steel Fire super effective
67%
Grass Fighting effective
50%
Bug Dark effective
50%
Bug Fairy effective
50%
Flying Flying effective
50%
Psychic Water effective
50%
Psychic Flying effective
50%
Ghost Ice effective
50%
Fairy Normal effective
50%
Electric Ice effective
50%
Normal Poison effective
50%
Rock Bug effective
50%
Rock Psychic effective
50%
Rock Fairy effective
50%
Ground Fairy effective
50%
Ground Dragon effective
50%
Ice Dark effective
50%
Dark Psychic no effect
50%
Ghost Fighting no effect
50%
Ghost Normal no effect
50%
Grass Electric not very effective
50%
Poison Fighting not very effective
50%
Fairy Fighting not very effective
50%
Rock Fire not very effective
50%
Grass Poison super effective
50%
Normal Fighting super effective
50%
Ice Rock super effective
50%
Fire Ghost effective
33%
Grass Dark effective
33%
Flying Poison effective
33%
Flying Steel effective
33%
Poison Ice effective
33%
Dark Fire effective
33%
Dark Grass effective
33%
Dark Flying effective
33%
Dark Dragon effective
33%
Dark Normal effective
33%
Ghost Steel effective
33%
Fairy Fairy effective
33%
Electric Fire effective
33%
Normal Bug effective
33%
Rock Dragon effective
33%
Ground Psychic effective
33%
Ground Ghost effective
33%
Ice Fairy effective
33%
Ice Normal effective
33%
Fighting Rock not very effective
33%
Dragon Fire not very effective
33%
Rock Normal not very effective
33%
Dark Bug super effective
33%
Dragon Fairy super effective
33%
Rock Water super effective
33%
Grass Ghost effective
25%
Fighting Fire effective
25%
Poison Normal effective
25%
Dark Steel effective
25%
Dragon Normal effective
25%
Electric Dragon effective
25%
Normal Fire effective
25%
Normal Flying effective
25%
Normal Fairy effective
25%
Normal Rock effective
25%
Ice Ghost effective
25%
Bug Fighting not very effective
25%
Poison Grass not very effective
25%
Steel Fighting super effective
25%
Ground Water super effective
25%
Dragon Dragon super efffective
25%
Ghost Grass effective
20%
Ghost Psychic effective
20%
Fighting Psychic super effective
20%
Fire Flying effective
0%
Fire Fighting effective
0%
Fire Poison effective
0%
Fire Psychic effective
0%
Fire Dark effective
0%
Fire Dragon effective
0%
Fire Electric effective
0%
Fire Normal effective
0%
Water Flying effective
0%
Water Fighting effective
0%
Water Psychic effective
0%
Water Dark effective
0%
Water Ghost effective
0%
Water Fairy effective
0%
Water Ice effective
0%
Grass Psychic effective
0%
Grass Fairy effective
0%
Grass Dragon effective
0%
Grass Steel effective
0%
Grass Normal effective
0%
Grass Rock effective
0%
Bug Water effective
0%
Bug Psychic effective
0%
Bug Dragon effective
0%
Bug Steel effective
0%
Bug Normal effective
0%
Bug Ice effective
0%
Flying Fire effective
0%
Flying Water effective
0%
Flying Psychic effective
0%
Flying Dark effective
0%
Flying Ghost effective
0%
Flying Dragon effective
0%
Flying Normal effective
0%
Fighting Grass effective
0%
Fighting Fighting effective
0%
Fighting Poison effective
0%
Fighting Ghost effective
0%
Fighting Dragon effective
0%
Fighting Steel effective
0%
Fighting Normal effective
0%
Fighting Ground effective
0%
Poison Fire effective
0%
Poison Water effective
0%
Poison Dark effective
0%
Poison Ghost effective
0%
Poison Dragon effective
0%
Poison Steel effective
0%
Poison Electric effective
0%
Poison Rock effective
0%
Psychic Fire effective
0%
Psychic Grass effective
0%
Psychic Poison effective
0%
Psychic Fairy effective
0%
Psychic Dragon effective
0%
Psychic Electric effective
0%
Psychic Normal effective
0%
Psychic Rock effective
0%
Psychic Ground effective
0%
Psychic Ice effective
0%
Dark Water effective
0%
Dark Poison effective
0%
Dark Electric effective
0%
Dark Rock effective
0%
Dark Ground effective
0%
Ghost Fire effective
0%
Ghost Water effective
0%
Ghost Flying effective
0%
Ghost Fairy effective
0%
Ghost Dragon effective
0%
Ghost Electric effective
0%
Ghost Rock effective
0%
Ghost Ground effective
0%
Fairy Fire effective
0%
Fairy Water effective
0%
Fairy Grass effective
0%
Fairy Flying effective
0%
Fairy Psychic effective
0%
Fairy Ghost effective
0%
Fairy Electric effective
0%
Fairy Ground effective
0%
Fairy Ice effective
0%
Dragon Bug effective
0%
Dragon Fighting effective
0%
Dragon Poison effective
0%
Dragon Psychic effective
0%
Dragon Dark effective
0%
Dragon Ghost effective
0%
Dragon Steel effective
0%
Dragon Rock effective
0%
Dragon Ground effective
0%
Steel Water effective
0%
Steel Ghost effective
0%
Steel Electric effective
0%
Electric Water effective
0%
Electric Bug effective
0%
Electric Fighting effective
0%
Electric Psychic effective
0%
Electric Dark effective
0%
Electric Fairy effective
0%
Electric Normal effective
0%
Electric Rock effective
0%
Normal Water effective
0%
Normal Grass effective
0%
Normal Psychic effective
0%
Normal Dark effective
0%
Normal Dragon effective
0%
Normal Electric effective
0%
Normal Ground effective
0%
Normal Ice effective
0%
Rock Dark effective
0%
Rock Ghost effective
0%
Rock Electric effective
0%
Rock Rock effective
0%
Rock Ice effective
0%
Ground Fire effective
0%
Ground Flying effective
0%
Ground Fighting effective
0%
Ground Dark effective
0%
Ground Steel effective
0%
Ground Normal effective
0%
Ground Ground effective
0%
Ice Water effective
0%
Ice Grass effective
0%
Ice Bug effective
0%
Ice Psychic effective
0%
Ice Dragon effective
0%
Ice Electric effective
0%
Ice Ground effective
0%
Psychic Steel effeective
0%
Flying Ground no effect
0%
Fairy Dragon no effect
0%
Steel Poison no effect
0%
Normal Ghost no effect
0%
Ground Electric no effect
0%
Fire Fire not very effective
0%
Fire Grass not very effective
0%
Fire Bug not very effective
0%
Fire Fairy not very effective
0%
Fire Steel not very effective
0%
Water Fire not very effective
0%
Water Water not very effective
0%
Water Steel not very effective
0%
Water Rock not very effective
0%
Water Ground not very effective
0%
Grass Water not very effective
0%
Grass Grass not very effective
0%
Grass Ground not very effective
0%
Bug Ground not very effective
0%
Flying Bug not very effective
0%
Flying Fairy not very effective
0%
Fighting Bug not very effective
0%
Fighting Dark not very effective
0%
Poison Bug not very effective
0%
Poison Poison not very effective
0%
Psychic Fighting not very effective
0%
Dark Dark not very effective
0%
Ghost Bug not very effective
0%
Fairy Bug not very effective
0%
Fairy Dark not very effective
0%
Dragon Water not very effective
0%
Dragon Electric not very effective
0%
Steel Grass not very effective
0%
Steel Bug not very effective
0%
Steel Flying not very effective
0%
Steel Psychic not very effective
0%
Steel Fairy not very effective
0%
Steel Dragon not very effective
0%
Steel Steel not very effective
0%
Steel Normal not very effective
0%
Steel Ice not very effective
0%
Electric Flying not very effective
0%
Electric Steel not very effective
0%
Electric Electric not very effective
0%
Rock Flying not very effective
0%
Rock Poison not very effective
0%
Ground Rock not very effective
0%
Ice Ice not very effective
0%
Fire Water super effective
0%
Fire Rock super effective
0%
Fire Ground super effective
0%
Water Electric super effective
0%
Grass Fire super effective
0%
Grass Bug super effective
0%
Grass Flying super effective
0%
Grass Ice super effective
0%
Bug Fire super effective
0%
Bug Flying super effective
0%
Bug Electric super effective
0%
Flying Rock super effective
0%
Flying Ice super effective
0%
Fighting Fairy super effective
0%
Poison Psychic super effective
0%
Poison Ground super effective
0%
Psychic Bug super effective
0%
Psychic Ghost super effective
0%
Dark Fighting super effective
0%
Dark Fairy super effective
0%
Ghost Dark super effective
0%
Ghost Ghost super effective
0%
Fairy Poison super effective
0%
Fairy Steel super effective
0%
Dragon Ice super effective
0%
Steel Ground super effective
0%
Rock Grass super effective
0%
Rock Steel super effective
0%
Rock Ground super effective
0%
Ground Grass super effective
0%
Ground Ice super effective
0%
Ice Fire super effective
0%
Ice Fighting super effective
0%
Ice Steel super effective
0%
No matching quizzes found
Score Distribution
Percent of People with Each Score
Percentile by Number Answered
Your Score History
You have not taken this quiz